El rǧimen de participacin̤ en las ganancias desde una perspectiva europea Atencin̤ especial a la reciente modificacin̤ en el derecho catalǹ /

Detalles Bibliográficos
Autor principal: Navas Navarro, Susana
Formato: Software Libro
Lenguaje:español
Publicado: Barcelona Dykinson 2014
Materias:
Acceso en línea:Acceso restringido

MARC

LEADER 00000nam a22000007a 4500
005 20151013124317.0
007 c||||| ||u|
008 151013s2014 sp ||||| |||| 00||0 spa d
020 |a 978-84-9085-223-1 
035 |a 12866 
040 |a vLex 
090 |c 5590  |d 5590 
100 1 |a Navas Navarro, Susana 
245 1 3 |a El rǧimen de participacin̤ en las ganancias desde una perspectiva europea  |h [Recurso electrn̤ico] :  |b Atencin̤ especial a la reciente modificacin̤ en el derecho catalǹ /  |c Susana Navas Navarro  
256 |a Servicio en ln̕ea  
260 |a Barcelona  |b Dykinson  |c 2014  
300 |a 1 recurso electrn̤ico 
500 |a En nuestro pas̕ el legislador nunca estuvo muy dispuesto a aceptar el rǧimen de participacin̤ como primus inter pares entre las posibilidades que se pueden ofrecer a una pareja cuando quiere diseąr su rǧimen econm̤ico matrimonial. Es cierto, como seąla la autora de esta monografa̕, que los sistemas alemǹ y francš fueron fuentes inspiradoras, en su momento, tanto para el legislador espaǫl cuando introdujo este rǧimen en el Cd̤igo civil, como para el legislador catalǹ cuando hizo lo propio. Pero da la impresin̤ de que ni el legislador estatal ni el autonm̤ico han confiado de verdad en que el rǧimen de participacin̤ en las ganancias pueda ser algo ms̀ que una ejercicio acadm̌ico o ter̤ico llamado a provocar sensaciones de sorpresa en las notara̕s. La nueva configuracin̤ de la compensacin̤ econm̤ica es uno de los l︢timos intentos del legislador catalǹ por seguir manteniendo, al menos, formalmente, el rǧimen de separacin̤ de bienes como legal supletorio. Pero a lo mejor, como se apunta en este libro, habra̕ que comenzar a considerar de una vez que, a la vista de la experiencia europea, puede que estemos ante el rǧimen econm̤ico matrimonial ms̀ sensato de todos. 
506 |a Contenido solo disponible en los procutos indicados  |d vLex Global  |d vLex Global (Academic Edition, excluding Law Schools)  |d vLex Global (U.S. Academic Edition, Law Schools)  |d vLex Global (U.S. Academic Edition, excluding Law Schools)  |d vLex Global (Academic Edition, Law Schools) 
650 0 4 |a Derecho financiero  |z Espaą 
740 0 |a vLex libros (servicio en ln̕ea) 
856 4 0 |u http://vlex.com/source/regimen-de-participacion-en-las-ganancias-desde-una-perspectiva-europea-atencion-especial-a-la-reciente-modificacion-en-el-derecho-catalan-12866  |z Acceso restringido 
942 |c BOOK 
999 0 |a Law and legislation